La Maloca como espacio autónomo.
En la Primera jornada pedagógica interactiva el Colegio San Francisco desarrolla un documental con la cultura Huitoto Murui Muinane del Amazonas. El proyecto muestra la importancia de vivenciar una experiencia educativa y pedagógica en otros espacios distintos a las aulas, en este caso en la Maloca....
Saved in:
| Format: | Ukendt |
|---|---|
| Sprog: | Spanish |
| Udgivet: |
s.l.
Colegio Distrital San Francisco, IDEP,
2000.
|
| Fag: | |
| Online adgang: | Enlace del recurso |
| Tags: |
Tilføj Tag
Ingen Tags, Vær først til at tagge denne postø!
|
MARC
| LEADER | 00000 a2200000 4500 | ||
|---|---|---|---|
| 001 | 001629 | ||
| 008 | 081231p2000 ck spa | ||
| 082 | 0 | 4 | |a DVD / |b 034 |
| 245 | 1 | 3 | |a La Maloca como espacio autónomo. |
| 260 | |a s.l. |b Colegio Distrital San Francisco, IDEP, |c 2000. | ||
| 300 | |a 1 DVD; | ||
| 306 | |a 6:148 minutos. | ||
| 520 | |a En la Primera jornada pedagógica interactiva el Colegio San Francisco desarrolla un documental con la cultura Huitoto Murui Muinane del Amazonas. El proyecto muestra la importancia de vivenciar una experiencia educativa y pedagógica en otros espacios distintos a las aulas, en este caso en la Maloca. | ||
| 650 | |a INDIGENAS -- HUITOTO -- |z COLOMBIA | ||
| 999 | |c 3781 |d 3781 | ||
| 856 | |u https://catalogo.idep.edu.co/cgi-bin/koha/opac-detail.pl?biblionumber=3781 |z Enlace del recurso | ||